La Declaración universal de los derechos humanos : un ideal común /
Aprobada y proclamada por la Asamblea General de las Naciones Unidas el 10 de diciembre de 1948, la Declaración universal de los derechos humanos recoge los derechos del hombre considerados básicos. Aunque no es un documento obligatorio, ha servido como base para la creación de otros documentos tamb...
Gorde:
| Erakunde egilea: | |
|---|---|
| Formatua: | Liburua |
| Hizkuntza: | gaztelania |
| Gaiak: | |
| Etiketak: |
Etiketarik gabe, Izan zaitez lehena erregistro honi etiketa jartzen!
|
MARC
| LEADER | 00000nam^a2200000^a^4500 | ||
|---|---|---|---|
| 001 | 000297120 | ||
| 005 | 20250521000000.0 | ||
| 009 | 20260310112327.999 | ||
| 037 | |a Acervo Xavier Clavigero | ||
| 041 | |a ESP | ||
| 082 | |a 323. |b ONU | ||
| 110 | |a ONU | ||
| 240 | 1 | 1 | |a [Declaración universal de los derechos humanos] |
| 245 | 1 | 3 | |a La Declaración universal de los derechos humanos : |b un ideal común / |c ONU. |
| 264 | |a Nueva York, EUA : |b ONU, |c fecha no identificada | ||
| 300 | |a 1 folleto (40 p.) | ||
| 336 | |a texto |b txt |2 rdacontenido | ||
| 337 | |a sin mediación |b n |2 rdamedio | ||
| 338 | |a volumen |b nc |2 rdasoporte | ||
| 520 | |a Aprobada y proclamada por la Asamblea General de las Naciones Unidas el 10 de diciembre de 1948, la Declaración universal de los derechos humanos recoge los derechos del hombre considerados básicos. Aunque no es un documento obligatorio, ha servido como base para la creación de otros documentos también aprobados por la ONU con posterioridad y para fundamentar la defensa los derechos humanos en el mundo. | ||
| 520 | |a Obra que comprende el texto completo de la Declaración universal de los derechos humanos, así como una introducción a su significado y un comentario sobre sus repercusiones. | ||
| 610 | |a ONU | ||
| 649 | |a XX | ||
| 650 | |a Derechos Humanos - |x Tema Principal | ||
| 650 | |a Organismos Internacionales | ||
| 650 | |a Tratados Internacionales | ||
| 650 | |a Derecho Internacional | ||
| 910 | |a Fondo General | ||
| 920 | |a Impresos - Libros | ||
| 930 | |a Colección General | ||
| 905 | |a 101 | ||
| 901 | |a 055039 |b IT2 |c FOL |u 20250521 | ||
| 902 | |a https://opac.biblio.iteso.mx/vufind/Record/000297120 | ||